What Song Did the Band Write? (click quiz) - Statistics

General Stats
  • This quiz has been taken 16 times
  • The average score is 16 of 50
Answer Stats
Hint Answer % Correct
Bee Gees Stayin' Alive
85%
PSY Gangnam Style
77%
Nancy Sinatra These Boots Are Made For Walkin'
77%
Beach Boys Fun, Fun, Fun
69%
ABBA Take A Chance on Me
69%
Queen Don't Stop Me Now
54%
Turtles Happy Together
54%
Proclaimers I'm Gonna Be (500 Miles)
54%
David Bowie Starman
54%
Monkees Last Train to Clarksville
46%
Rolling Stones She's A Rainbow
46%
Gordon Lightfoot The Wreck of the Edmund Fitzgerald
46%
Simon & Garfunkel I Am A Rock
38%
Bob Dylan It's All Over Now, Baby Blue
38%
Doors People Are Strange
38%
Zombies She's Not There
38%
Haddaway What is Love?
38%
Ace of Base Beautiful Life
31%
Kinks Dedicated Follower of Fashion
31%
Dion Donna the Prima Donna
31%
O-Zone Dragostea din tei
31%
John Lennon Gimme Some Truth
31%
Beatles I'm A Loser
31%
Strawberry Alarm Clock Incense and Peppermints
31%
Donovan Mellow Yellow
31%
Paul McCartney Monkberry Moon Delight
31%
Crosby, Stills, Nash, & Young Teach Your Children
31%
Jan & Dean The Little Old Lady (From Pasadena)
31%
Chuck Berry You Never Can Tell
31%
Decemberists Sons & Daughters
23%
Jimmy Eat World The Middle
23%
Frankie Valli & The Four Seasons Walk Like A Man
23%
Lesley Gore You Don't Own Me
23%
Inner Circle Bad Boys
15%
Modern Talking Brother Louie
15%
Weavers Get Up And Go
15%
Jimmy Soul If You Wanna Be Happy
15%
Seekers I'll Never Find Another You
15%
Johnny Horton Sink the Bismark
15%
Frank Sinatra The World We Knew (Over and Over)
15%
Jay & The Americans Come A Little Bit Closer
8%
Johnny Cash Country Trash
8%
High Kings Irish Pub Song
8%
Animals It's My Life
8%
Searchers Love Potion No. 9
8%
Freddy Cannon Palisades Park
8%
Leroy Van Dyke The Auctioneer
8%
Carbon Leaf What About Everything?
8%
Kingston Trio Where I'm Bound
8%
Coasters Yakety Yak
8%
No matching quizzes found
Score Distribution
Percent of People with Each Score
Percentile by Number Answered
Your Score History
You have not taken this quiz